Guess The Video Game Brands! #1 - Statistics

General Stats
  • This quiz has been taken 70 times
  • The average score is 11 of 20
Answer Stats
Picture Answer % Correct
Nintendo
98%
XBOX
98%
Playstation
97%
Sega
86%
Atari
83%
Rockstar
78%
Steam
76%
Blizzard
68%
Nintendo Switch
65%
Electronic Arts
63%
Epic Games
62%
Ubisoft
51%
Capcom
43%
Valve
43%
Bandai
25%
Activison
22%
Dreamcast
22%
Konami
19%
Rovio
19%
Gameloft
16%
No matching quizzes found
Score Distribution
Percent of People with Each Score
Percentile by Number Answered
Your Score History
You have not taken this quiz